Internet : Několika kroky k okamžitým výsledkům: Potřebné dovednosti získate za pouhých 10 minut
Guardado en:
| Autor principal: | |
|---|---|
| Formato: | Libro |
| Lenguaje: | checo |
| Publicado: |
Brno :
SoftPress,
2000
|
| Edición: | 1. vyd. |
| Etiquetas: |
Sin Etiquetas, Sea el primero en etiquetar este registro!
|
MARC
| LEADER | 00000nam a22000003a 4500 | ||
|---|---|---|---|
| 001 | stu57275 | ||
| 005 | 20150617225653.0 | ||
| 008 | 010308s2000----xr------------------cze-d | ||
| 020 | |a 80-902824-7-4 | ||
| 040 | |a STU |b slo | ||
| 041 | 0 | |a cze | |
| 044 | |a xr | ||
| 080 | |a 681.3.327 |7 stu_us_auth*stu3302 | ||
| 100 | 1 | |a Grimes, Galen |4 aut | |
| 245 | 1 | |a Internet : |b Několika kroky k okamžitým výsledkům: Potřebné dovednosti získate za pouhých 10 minut | |
| 250 | |a 1. vyd. | ||
| 260 | |a Brno : |b SoftPress, |c 2000 | ||
| 300 | |a 163 s | ||
| 996 | |b 284J003466 |c J*97704 |l JJSK |s A |a 24 |w stu57275_0001 | ||
| 996 | |b 284J003465 |c J*97703 |l JJSK |s A |a 24 |w stu57275_0002 | ||